000848751 001__ 848751 000848751 005__ 20260311105257.0 000848751 037__ $$aRWTH-2022-06265 000848751 041__ $$aGerman 000848751 1001_ $$0P:(DE-82)IDM00802$$aRotte, Ralph$$b0$$urwth 000848751 245__ $$aRusslands nukleare Eskalationsdrohungen und die strategische Schwäche der NATO$$honline 000848751 250__ $$aStand: 08.03.2022 000848751 260__ $$c2022 000848751 29510 $$aIB RR | International Relations & Current Affairs : Politik-Blog / von Prof. Ralph Rotte 000848751 3367_ $$012$$2EndNote$$aWeb Page 000848751 3367_ $$0PUB:(DE-HGF)37$$2PUB:(DE-HGF)$$aWebsite$$bweb$$mweb$$xBlog 000848751 3367_ $$2BibTeX$$aONLINE 000848751 3367_ $$2DINI$$aWebsite 000848751 3367_ $$2DataCite$$aOutput Types/Website 000848751 3367_ $$2ORCID$$aONLINE_RESOURCE 000848751 500__ $$aZuerst gesehen am 20.06.2022 000848751 591__ $$aGermany 000848751 7870_ $$0RWTH-2022-06261$$aRotte, Ralph$$d2022$$iHasPart$$tIB RR - International Relations & Current Affairs 000848751 8564_ $$uhttps://ibrr.de/russlands-nukleare-eskalationsdrohungen-und-die-position-der$$yWebsite 000848751 909CO $$ooai:publications.rwth-aachen.de:848751$$pVDB 000848751 9101_ $$0I:(DE-588b)36225-6$$6P:(DE-82)IDM00802$$aRWTH Aachen$$b0$$kRWTH 000848751 9141_ $$y2022 000848751 9201_ $$0I:(DE-82)771220_20170119$$k771220$$lLehr- und Forschungsgebiet Internationale Beziehungen$$x0 000848751 961__ $$c2022-06-20T14:35:18.170223$$x2022-06-20T14:35:18.170223$$z2022-06-20 000848751 980__ $$aI:(DE-82)771220_20170119 000848751 980__ $$aUNRESTRICTED 000848751 980__ $$aVDB 000848751 980__ $$aweb